000 004330000a22001810004500
003 LK-CoMWRAF
005 20231013150738.0
008 230817t1961 ||||| |||| 00| 0 eng d
040 _aLK-CoMWRAF
_dLK-CoMWRAF
_eLK-CoMWRAF
041 _aeng
082 _a297
_bISA
245 _aIslam
260 _aUSA :
_bA Washington square press,
_c1961
300 _a241p
650 _aIslam
700 _aWilliams, John Alden
_eed.
942 _cBK
999 _c76
_d76